000 00450nam a2200181Ia 4500
003 LK-CoDNM
005 20240316145833.0
008 010623t1932 xxu||||| |||| 00| 1 sin d
040 _aLK-CoDNM
_dLK-CoDNM
_eLK-CoDNM
041 _asin
080 _a104 HH9
100 _aPedrik,H.D
245 _aබාලාංශ කථා
246 _aBaalaansha Katha
260 _bVidyashekara
_aHorana
_c1932
300 _bDamaged
_a18p.,22 cm
942 _cBK
999 _c96348
_d96348